Acontecimiento y escucha: revisión de estudios sobre “el estudiante caído” y los movimientos estudiantiles en Colombia (Record no. 205523)

MARC details
000 -CABECERA
campo de control de longitud fija 01972nab a2200313 a 4500
005 - FECHA Y HORA DE LA ÚLTIMA TRANSACCIÓN
campo de control 20210219164014.0
008 - ELEMENTOS DE LONGITUD FIJA--INFORMACIÓN GENERAL
campo de control de longitud fija 991125s1985 mx 000 0 spa u
035 ## - NÚMERO DE CONTROL DEL SISTEMA
Número de control de sistema UPN01000233428
049 ## - COLECCIÓN
Colección ART-E
100 1# - ASIENTO PRINCIPAL--NOMBRE PERSONAL
Nombre de persona Gómez Agudelo, Jorge Wilson
Enlace - jwgomeza@ut.edu.co
222 #0 - TÍTULO CLAVE
Título clave REVISTA LATINOAMERICANA DE CIENCIAS SOCIALES, NIÑEZ Y JUVENTUD
245 00 - MENCIÓN DE TÍTULO
Título Acontecimiento y escucha: revisión de estudios sobre “el estudiante caído” y los movimientos estudiantiles en Colombia
260 ## - PUBLICACIÓN, DISTRIBUCIÓN, ETC.
Lugar de publicación, distribución, etc. Manizales, Colombia
300 ## - DESCRIPCIÓN FÍSICA
Extensión 71-87
362 0# - FECHAS DE PUBLICACIÓN Y/O DESIGNACIÓN SECUENCIAL
Fecha de publicación y/o designación secuencial 2018 Vol. 16, no. 1
336 ## - TIPO DE CONTENIDO
Término de tipo de contenido texto$2rdacontent
337 ## - TIPO DE MEDIO
Nombre/término del tipo de medio computadora$2rdamedia
338 ## - TIPO DE SOPORTE
Nombre/término del tipo de soporte recurso en linea$2rdacarrier
520 3# - NOTA DE RESUMEN, ETC.
Sumario, etc. En esta investigación se busca comprender las condiciones discursivas que permitieron la emergencia y recurrencia del “estudiante caído” en Colombia. La apuesta de la revisión bibliográfica y de archivo centrada en el análisis discursivo, indaga las continuidades y transformaciones tanto en los procesos de represión, como en los procesos de resistencia del movimiento estudiantil en Colombia. A través del concepto de “juvenicidio” se interpela la normalización de la represión inscrita en el orden discursivo de la doctrina de seguridad nacional y la construcción del “enemigo interno”. A través de los conceptos de acontecimiento y escucha se indagan los procesos de resistencia y las resonancias presentes en las demandas que han movilizado a los estudiantes.
653 0# - TERMINO DE INDIZACION - NO CONTROLADO
Término no controlado MOVIMIENTOS SOCIALES
653 0# - TERMINO DE INDIZACION - NO CONTROLADO
Término no controlado MOVIMIENTOS ESTUDIANTILES
653 0# - TERMINO DE INDIZACION - NO CONTROLADO
Término no controlado VIOLENCIA
653 0# - TERMINO DE INDIZACION - NO CONTROLADO
Término no controlado ESTUDIANTES UNIVERSITARIOS
856 4# - LOCALIZACIÓN Y ACCESO ELECTRÓNICOS
Identificador Uniforme del Recurso <a href="http://revistaumanizales.cinde.org.co/rlcsnj/index.php/Revista-Latinoamericana/article/view/2872/895">http://revistaumanizales.cinde.org.co/rlcsnj/index.php/Revista-Latinoamericana/article/view/2872/895</a>
856 4# - LOCALIZACIÓN Y ACCESO ELECTRÓNICOS
Identificador Uniforme del Recurso <a href="http://orcid.org/0000-0002-7465-2891">http://orcid.org/0000-0002-7465-2891</a>
Nota pública Visualizar produccion del autor
856 4# - LOCALIZACIÓN Y ACCESO ELECTRÓNICOS
Identificador Uniforme del Recurso <a href="10.11600/1692715x.16103">10.11600/1692715x.16103</a>
Nota pública Consultar articulo completo
905 ## - TIPO DE MATERIAL
Tipo de material Articulo

No items available.